'A' in Geography Quiz Stats

 Plays Quiz Updated Jul 13, 2017

Also try: 'R' in Geography
Challenge
Share
Tweet
Score 0/16 Timer 05:00
15 Plays Today
Question Answer % Correct
The Acropolis is found in which European city?Athens
90.7%
What Canadian province has the capital of Edmonton?Alberta
88.7%
Which major river accounts for a fifth of the world's total river flow?Amazon
83.4%
Which continent is host to the world's largest desert?Antarctica
77.7%
Can you name the country whose outline is in the images above?Austria
74.7%
Can you name the sea in the map above?Adriatic
69.8%
Can you name the landmark in the image above?Alcatraz
68.7%
Which waterfall, the world's highest at 979m, is located in Venezuela?Angel Falls
68%
Question Answer % Correct
What is the name given to a cluster or group of islands?Archipelago
64.4%
Which Caribbean island forms a part of the Kingdom of the Netherlands?Aruba
59.2%
What is the third most spoken of South Africa's eleven official languages?Afrikaans
57.9%
What is the alternate name for 'Uluru', the sandstone feature in central Australia?Ayers Rock
56.8%
Can you name the country whose flag is in the images above?Antigua and Barbuda
52%
What is the name of the group of Portuguese islands near the mid-Atlantic Ocean?Azores
50.9%
Which is the world's largest peninsula, with an area of 3,237,500 km2?Arabian
50.9%
What is the name of the mountain chain in north Africa, whose highest peak is Toubkal?Atlas
48.7%

You're not logged in!

Compare scores with friends on all Sporcle quizzes.
Join for Free
OR
Log In

You Might Also Like...

Show Comments

Extras

Top Quizzes Today


Score Distribution

Your Account Isn't Verified!

In order to create a playlist on Sporcle, you need to verify the email address you used during registration. Go to your Sporcle Settings to finish the process.

Report this User

Report this user for behavior that violates our Community Guidelines.

Details: